Miasto lub miejscowość w Polsce, gdzie mieści się znany zamek. - Statystyki

Ogólne statystyki
  • Ten quiz został rozwiązany 27 razy
  • Średni wynik to 4 z 8
Statystyki odpowiedzi
Hint Odpowiedź % Poprawnych
3. Kraków
96%
8. Kraków
96%
1. Malbork
88%
2. Wałbrzych
46%
4. Niedzica
15%
7. Bytów
4%
6. Lidzbark Warmiński
4%
5. Cieszyn
0%
Nie znaleziono quizów pasujących do podanych kryteriów
Rozkład punktacji
Procent ludzi z każdym wynikiem
Percentyl według liczby udzielonych odpowiedzi
Twoja historia wyników
Nie rozwiązałeś tego quizu